Begins With 'Pal' Quiz Stats

 Plays Quiz Updated Sep 5, 2014

Support Sporcle.
Go Orange.
Score 0/20 Timer 05:00
1 Play Today
Clue 'Pal' Word % Correct
Large and splendid residence for a monarchPalace
89.5%
A thin board used by an artist to lay and mix colorsPalette
83.2%
A person who helps carry the coffin at a funeralPallbearer
82.6%
Muscle paralysis, often with tremors (Bell's or cerebral)Palsy
80.5%
The branch of science concerned with fossil animals and plantsPaleontology
73.5%
An evergreen tree with long leaves that grows in warm regionsPalm
71.5%
A rapid or irregular heartbeatPalpitation
70.5%
(of food or drink) Pleasant to tastePalatable
68.7%
Ramallah is this country's administrative capitalPalestine
67.6%
A sovereign island nation in OceaniaPalau
66.8%
Clue 'Pal' Word % Correct
Noon, rotator, madam, or kayak, e.g.Palindrome
64%
Capable of being handled, touched, or feltPalpable
62.3%
Very small or too small in amountPaltry
59.5%
Having an extremely pale or wan complexionPallid
59%
Compensation from one member of an unmarried couple to another after separationPalimony
55.2%
Silvery-white metal; chemical element #46Palladium
49.5%
A pale tan or golden horse with a white mane and tail (Mister Ed & Trigger's breed)Palomino
47.7%
Emperor of the Galactic Empire in the original Star Wars trilogyPalpatine
47.3%
A fence of wooden stakes forming an enclosure for defense; or a line of steep cliffsPalisade
30.2%
A heroic champion; defender of a cause; or one of twelve peers in Charlemagne's courtPaladin
28.5%

You're not logged in!

Compare scores with friends on all Sporcle quizzes.
OR
Log In
Forgot?

From the Vault

Hello, My Name Is...'K'

by googlebird

Ironically enough, there isn't a 'Kay' on this quiz.
Remove Ads.
Support Sporcle.
Get the best of Sporcle when you Go Orange. This ad-free experience offers more features, more stats, and more fun while also helping to support Sporcle. Thank you for becoming a member.

Show Comments

Extras

Top Quizzes Today


Score Distribution

Your Account Isn't Verified!

In order to create a playlist on Sporcle, you need to verify the email address you used during registration. Go to your Sporcle Settings to finish the process.

Report this User

Report this user for behavior that violates our Community Guidelines.

Details: